000 00486nam a2200169 a 4500
001 000035186
005 20200930074149.0
008 111025s1992 dr 000 0 spa d
040 _aDO-SdBNP
_bspa
_cBNPHU
082 _axxxx
_bD632n
100 1 _aDobal, Carlos
_926322
245 1 0 _aNuevas del nuevo mundo /
_cCarlos Dobal.
260 _aSantiago, República Dominicana :
_bPUCMM,
_c1992.
300 _a123 p. :
_bils., retrs ;
_c24 cm.
490 1 _aEstudios
830 0 _aEstudios
_93854
999 _c34677
_d34677